| 000 | 00848nam a2200253 i 4500 | ||
|---|---|---|---|
| 001 | 19153 | ||
| 003 | ES-MaACL | ||
| 005 | 20230906152019.0 | ||
| 007 | t| | ||
| 008 | 020626s1993 sp a |||| | spa d | ||
| 020 | _a84-7719-362-2 | ||
| 080 | _a726.6.025.4(460.181 L.) | ||
| 100 | 1 |
_aGonzález-Varas Ibáñez, Ignacio. _959006 |
|
| 245 | 1 | 3 |
_aLa Catedral de León, historia y restauración (1859-1901) / _cIgnacio González-Varas Ibáñez. |
| 260 |
_aLeón : _bUniversidad, Secretariado de Publicaciones, _c[1993] |
||
| 300 |
_a517 p. : _bil. ; _c29 cm. |
||
| 490 | 1 |
_aLeón, historia y sociedad ; _v1 |
|
| 500 | _aÍndices. | ||
| 504 | _aBibliografía: p. 502-506. | ||
| 610 | 2 | 7 |
_aCatedral de León- _xRestauración. _92517 |
| 830 | 0 |
_aLeón, historia y sociedad ; _v1 _9180556 |
|
| 852 |
_aES-MaACL _jL-25582 |
||
| 999 |
_c19153 _d19153 |
||